| 000 | 00529nam a2200181 4500 | ||
|---|---|---|---|
| 008 | 0 1998 0a 000 0Mex | ||
| 020 | _a0070-1192-7-9 | ||
| 050 | _aTJ265 C45 | ||
| 082 | _a621.402.1 C395t | ||
| 100 | _aCengel, Yunus A. | ||
| 245 | _aTermodynamics : An engineering aproach / Yunus A. Cengel, Michael A. Boles | ||
| 250 | _a3 | ||
| 260 | _aMéxico : Mcgraw-Hill | ||
| 300 | _axxxix, 1010 p. / 25 cm. | ||
| 500 | _aIncluye diskette 3.5 | ||
| 650 | _a1. TERMODINAMICA | ||
| 700 | _aI. Boles, Michael A. | ||
| 999 |
_c19312 _d19312 |
||